[Event "Challenge"]
[Site "http://www.queenalice.com/game.php?id=1099946"]
[Date "2012.9.5"]
[Round "-"]
[White "estrategista"]
[Black "ThirdEchelon"]
[Result "1-0"]
[WhiteElo "1948"]
[BlackElo "1695"]

1. d4 d5 2. c4 e6 3. Nc3 c6 4. Nf3 Nf6 5. e3 Ng4 6. h3 Nf6 7. Bd3 Ne4 8. Bxe4
dxe4 9. Nxe4 Bb4+ 10. Bd2 Bxd2+ 11. Qxd2 O-O 12. O-O Nd7 13. Rfd1 Nb6 14. Rac1
a5 15. c5 Nd5 16. Nd6 Bd7 17. Nxb7 Qc7 18. Nd6 Qb8 19. Ne5 Be8 20. e4 f6 21.
Nec4 Bh5 22. g4 Bg6 23. exd5 cxd5 24. Nb6 Ra7 25. Qe2 e5 26. dxe5 Re7 27. e6 Qc7
28. Nxd5 Qd7 29. Nxe7+ Qxe7 30. c6 Qc7 31. e7 Ra8 32. e8=Q+ Bxe8 33. Nxe8 1-0

[Event "Challenge"]
[Site "http://www.queenalice.com/game.php?id=1102032"]
[Date "2012.9.11"]
[Round "-"]
[White "Andrei_78"]
[Black "estrategista"]
[Result "0-1"]
[WhiteElo "1636"]
[BlackElo "1802"]

1. e4 c5 2. c4 d6 3. Qf3 Nf6 4. Bd3 Nc6 5. h3 Nd4 6. Qd1 Bd7 7. Nf3 Nc6 8. O-O
e6 9. a3 Be7 10. Qb3 O-O 11. Qxb7 Na5 12. Qa6 Bc8 13. Bc2 Bxa6 14. d3 Rb8 15.
Nbd2 d5 16. Ne5 dxc4 17. dxc4 Nd7 18. Nxd7 Qxd7 19. e5 Nxc4 20. Nxc4 Bxc4 21.
Rd1 Qb7 22. Re1 Bb3 23. Be4 Bd5 24. Bxd5 Qxd5 25. Rb1 f6 26. exf6 Bxf6 27. Re2
Qd3 28. Rxe6 Qxb1 29. Re1 Rfe8 30. Bd2 Rxe1+ 31. Bxe1 Qxe1+ 32. Kh2 Be5+ 0-1

[Event "Challenge"]
[Site "http://www.queenalice.com/game.php?id=1102819"]
[Date "2012.9.14"]
[Round "-"]
[White "jujuju"]
[Black "estrategista"]
[Result "1-0"]
[WhiteElo "2182"]
[BlackElo "1803"]

1. d4 d5 2. c4 c6 3. Nf3 Nf6 4. e3 dxc4 5. Bxc4 Bf5 6. Nc3 e6 7. Qb3 b5 8. Be2
a6 9. O-O c5 10. dxc5 Bxc5 11. Rd1 Qc7 12. Nh4 Ng4 13. Bxg4 Bxg4 14. f3 Bf5 15.
Nxf5 exf5 16. Qd5 Ra7 17. Qxf5 O-O 18. a3 Nd7 19. b4 Bxe3+ 20. Bxe3 Qxc3 21. Bd4
g6 22. Qxf7+ Rxf7 23. Bxc3 Rc7 24. Bd4 Nf6 25. Bc5 Rcd7 26. Rd6 Rxd6 27. Bxd6
Rd7 28. Be5 Kf7 29. h3 Nd5 30. Rd1 Nb6 31. Rxd7+ Nxd7 32. Bd4 Ke6 33. Kf2 Kd5
34. Ke3 Nf8 35. Kd3 Ne6 36. Be3 Ke5 37. g3 Kf5 38. g4+ Ke5 39. h4 Nf4+ 40. Kd2
Ng2 41. Bg5 Nf4 42. Bxf4+ Kxf4 43. Ke2 Kg3 44. h5 gxh5 45. gxh5 Kf4 46. h6 Kg5
47. Ke3 Kxh6 48. Ke4 Kg5 49. Ke5 h5 50. f4+ Kg6 51. Ke6 h4 52. f5+ Kg7 53. Ke7
h3 54. f6+ Kh7 55. f7 h2 56. f8=Q h1=Q 57. Qf5+ Kg8 58. Qg6+ Kh8 59. Qd3 Qh4+
60. Kd7 Qg4+ 61. Kd6 Qf4+ 62. Kc5 Qe5+ 63. Kb6 Qe6+ 64. Ka5 Qg6 65. Qd8+ Kg7 66.
Qc7+ Kf8 67. Qc8+ Ke7 68. Qxa6 Qxa6+ 69. Kxa6 Kd7 70. Kxb5 Kc7 71. a4 Kb7 72. a5
Kb8 73. a6 Ka7 74. Ka5 Kb8 75. b5 Ka7 76. b6+ Ka8 77. Kb5 Kb8 78. Kc6 Ka8 79.
b7+ Kb8 80. a7+ Kxa7 81. Kc7 1-0

[Event "AUTO-INT-2394"]
[Site "http://www.queenalice.com/game.php?id=1108485"]
[Date "2012.10.1"]
[Round "2"]
[White "formiga"]
[Black "estrategista"]
[Result "1/2-1/2"]
[WhiteElo "2040"]
[BlackElo "1852"]

1. e4 c5 2. Nf3 d6 3. d4 cxd4 4. Nxd4 Nf6 5. Nc3 a6 6. Bd3 e5 7. Nb3 Be7 8. O-O
O-O 9. Kh1 b5 10. h3 Bb7 11. Nd2 Nc6 12. Ne2 Qc7 13. a3 d5 14. Ng3 d4 15. Nf3
Nd7 16. Nh2 Na5 17. Nf5 Nf6 18. Nxe7+ Qxe7 19. Bg5 h6 20. Bd2 Nc4 21. Bxc4 bxc4
22. f3 Rad8 23. Bb4 Rd6 24. Bxd6 Qxd6 25. c3 Nh5 26. Rf2 d3 27. Qd2 f5 28. exf5
e4 29. fxe4 Ng3+ 30. Kg1 Nxe4 31. Qf4 Qd5 32. Rff1 Nxc3 33. Qf3 Ne2+ 34. Kh1 Qd4
35. Qf2 Qe4 36. Rae1 Rxf5 37. Nf3 Qf4 38. Rxe2 dxe2 39. Qxe2 Bxf3 40. Qxf3 Qxf3
41. Rxf3 Rxf3 42. gxf3 Kf7 43. Kg1 Ke6 44. Kf1 Ke5 45. Ke2 Kf4 46. Kd2 Kxf3 47.
Kc3 Kg3 48. Kxc4 Kxh3 49. b4 g5 50. a4 g4 51. b5 axb5+ 52. axb5 g3 53. b6 g2 54.
b7 g1=Q 55. b8=Q Qc1+ 56. Kd3 Qa3+ 57. Ke4 Qa4+ 58. Kf5 Qg4+ 59. Kf6 Qg3 60.
Qc8+ Qg4 61. Qc3+ Qg3 62. Qc8+ Qg4 63. Qc3+ Qg3 64. Qc8+ Qg4 65. Qc3+ 1/2-1/2

[Event "Challenge"]
[Site "http://www.queenalice.com/game.php?id=1112166"]
[Date "2012.10.13"]
[Round "-"]
[White "estrategista"]
[Black "jujuju"]
[Result "1-0"]
[WhiteElo "1815"]
[BlackElo "2186"]

1. d4 f5 2. c4 Nf6 3. Nc3 Nc6 4. Nf3 d6 5. Bg5 h6 6. Bxf6 gxf6 7. e3 Bg7 8. d5
Ne5 9. Nh4 O-O 10. f4 Ng4 11. Qd2 h5 12. Be2 e5 13. h3 exf4 14. exf4 Nh6 15.
Bxh5 Bd7 16. O-O-O a5 17. Rde1 b6 18. Ng6 Re8 19. Rxe8+ Qxe8 20. Re1 Qd8 21.
Ne7+ Kf8 22. Nc6 Bxc6 23. dxc6 Kg8 24. Re8+ Qxe8 25. Bxe8 Rxe8 26. Nd5 Rc8 27.
Ne7+ 1-0

[Event "Challenge"]
[Site "http://www.queenalice.com/game.php?id=1117787"]
[Date "2012.10.31"]
[Round "-"]
[White "estrategista"]
[Black "AlekinePb"]
[Result "0-1"]
[WhiteElo "1855"]
[BlackElo "1866"]

1. d4 Nf6 2. c4 g6 3. Nc3 Bg7 4. e4 d6 5. f3 O-O 6. Be3 c5 7. d5 Nbd7 8. Qd2 Ne5
9. O-O-O Qa5 10. g4 a6 11. h4 Bd7 12. h5 Rab8 13. Bh6 b5 14. Bxg7 Kxg7 15. hxg6
fxg6 16. Qh6+ Kf7 17. g5 Ng8 18. Qxh7+ Ke8 19. f4 Ng4 20. Qxg6+ Kd8 21. Rh8 Kc7
22. Bh3 b4 23. Nce2 Ne3 24. Rd3 Nxc4 25. Kb1 Bxh3 26. Rhxh3 b3 27. axb3 Qe1+ 28.
Ka2 Nd2 29. e5 Qb1+ 30. Ka3 Qa1# 0-1

[Event "Challenge"]
[Site "http://www.queenalice.com/game.php?id=1118646"]
[Date "2012.11.3"]
[Round "-"]
[White "estrategista"]
[Black "AlekinePb"]
[Result "1-0"]
[WhiteElo "1836"]
[BlackElo "1890"]

1. d4 Nf6 2. c4 e6 3. Nf3 b6 4. Bg5 Bb4+ 5. Nc3 O-O 6. e4 Bb7 7. e5 d5 8. exf6
g6 9. Qd2 Re8 10. Bh4 Bf8 11. Bg5 Nd7 12. h4 Nxf6 13. Bh6 dxc4 14. Bxc4 Bxf3 15.
gxf3 c5 16. Bxf8 Kxf8 17. O-O-O cxd4 18. Qg5 Qc7 19. Rxd4 Qe7 20. h5 Nxh5 21.
Rxh5 gxh5 22. Qxh5 Qf6 23. Re4 Qg6 24. Qe5 Qg1+ 25. Kc2 Qxf2+ 26. Kb3 Qxf3 27.
Bd5 Rac8 28. Rf4 Qd3 29. Bxe6 Rxe6 30. Qxe6 Qg6 31. Qxc8+ Kg7 32. Rg4 1-0

[Event "Challenge"]
[Site "http://www.queenalice.com/game.php?id=1125414"]
[Date "2012.11.24"]
[Round "-"]
[White "Werni"]
[Black "estrategista"]
[Result "1-0"]
[WhiteElo "1917"]
[BlackElo "1880"]

1. e4 c5 2. Nc3 d6 3. Nf3 Nf6 4. Bb5+ Bd7 5. Bxd7+ Nbxd7 6. O-O e6 7. d4 cxd4 8.
Nxd4 a6 9. Be3 b5 10. a4 b4 11. Nc6 Qc8 12. Nxb4 d5 13. Nba2 dxe4 14. Bd4 Bc5
15. Bxc5 Qxc5 16. Re1 Rc8 17. Rxe4 Nxe4 18. Nxe4 Ke7 19. Nxc5 Nxc5 20. Qg4 g6
21. Nc3 Rhd8 22. Qh4+ Ke8 23. Qxh7 Nxa4 24. Rxa4 Rxc3 25. Qh8+ Ke7 26. Qxd8+ 1-0

[Event "Challenge"]
[Site "http://www.queenalice.com/game.php?id=1125415"]
[Date "2012.11.24"]
[Round "-"]
[White "Werni"]
[Black "estrategista"]
[Result "1-0"]
[WhiteElo "1971"]
[BlackElo "1864"]

1. e4 c5 2. Nc3 Nc6 3. f4 d6 4. Nf3 Nf6 5. Bb5 Bd7 6. O-O a6 7. Bd3 e6 8. b3 Be7
9. Bb2 Nd4 10. Nxd4 cxd4 11. Ne2 e5 12. Ng3 Bc6 13. Qe1 O-O 14. Nf5 g6 15. Ng3
b5 16. Qf2 Qc7 17. Rac1 Kg7 18. Rce1 Nd7 19. fxe5 dxe5 20. Be2 Bb7 21. c4 Nc5
22. d3 Rae8 23. Ra1 b4 24. Rad1 Bh4 25. Nh5+ gxh5 26. Qxh4 Kh8 27. Qf6+ Kg8 28.
Rf5 Ne6 29. Bxh5 Qe7 30. Qxe7 1-0

[Event "Fazendo Amigos!"]
[Site "http://www.queenalice.com/game.php?id=1126328"]
[Date "2012.11.27"]
[Round "-"]
[White "estrategista"]
[Black "Vladimir"]
[Result "1-0"]
[WhiteElo "1859"]
[BlackElo "1841"]

1. Nf3 d5 2. g3 Bg4 3. Bg2 Nc6 4. O-O Nf6 5. d3 h6 6. Nbd2 e5 7. e4 d4 8. Nc4
Bc5 9. h3 Bh5 10. Qe1 Nb4 11. Qd2 Bxf3 12. Bxf3 Qd7 13. Bg2 Qe6 14. f4 exf4 15.
Qxf4 c6 16. Na3 Bd6 17. Qf2 O-O 18. Bxh6 1-0

[Event "Challenge"]
[Site "http://www.queenalice.com/game.php?id=1130190"]
[Date "2012.12.11"]
[Round "-"]
[White "siarango"]
[Black "estrategista"]
[Result "1/2-1/2"]
[WhiteElo "1890"]
[BlackElo "1954"]

1. d4 Nf6 2. Nc3 g6 3. e4 d6 4. d5 Bg7 5. Bd3 O-O 6. Nf3 Bg4 7. h3 Bxf3 8. Qxf3
Nbd7 9. O-O Ne5 10. Qe2 c6 11. f4 Nxd3 12. Qxd3 cxd5 13. Nxd5 Nxd5 14. Qxd5 Qb6+
15. Kh1 Rac8 16. c3 Rc5 17. Qb3 Qc6 18. Be3 Rb5 19. Qc2 b6 20. a4 Ra5 21. Rfd1
Rc8 22. Kh2 b5 23. axb5 Qxb5 24. Rd5 Rc5 25. Bxc5 dxc5 26. Rxa5 Qxa5 27. e5 Bh6
28. g3 g5 29. f5 Kg7 30. g4 Qa2 31. Rxc5 Qa1 32. Rc7 Qf1 33. Rxe7 Kg8 34. f6 Bf8
35. Re8 h5 36. e6 hxg4 37. hxg4 Qf4+ 38. Kh3 Qxf6 39. e7 Qf3+ 40. Kh2 Qf4+ 41.
Kg1 Qxg4+ 42. Qg2 Qd1+ 43. Kh2 Qh5+ 44. Kg1 Qd1+ 45. Kh2 Qh5+ 46. Kg1 Qd1+ 47.
Kf2 Qd2+ 48. Kg1 Qe1+ 1/2-1/2

[Event "Challenge"]
[Site "http://www.queenalice.com/game.php?id=1143195"]
[Date "2013.1.21"]
[Round "-"]
[White "estrategista"]
[Black "albertopontello"]
[Result "0-1"]
[WhiteElo "1951"]
[BlackElo "1940"]

1. d4 d5 2. c4 dxc4 3. e3 Be6 4. Nc3 a6 5. a4 c6 6. Nf3 h6 7. Be2 Nd7 8. a5 Qc7
9. Qa4 b5 10. axb6 Nxb6 11. Qa5 Qb7 0-1